| 000 | 00530nam a2200193Ia 4500 | ||
|---|---|---|---|
| 003 | GCL | ||
| 008 | 140319s9999 xx 000 0 eng d | ||
| 040 |
_aGCL / _cGCL |
||
| 082 | 0 | 4 |
_a892.76 _bN D |
| 100 | 1 | _aHASHEM,MALAK(TRNSLATOR) | |
| 245 | 1 | 0 |
_aTHE DAY THE LEADER WAS KILLED / _cHASHEM,MALAK(TRNSLATOR) |
| 700 | 1 | _aNAGUIB MAHFOUZ | |
| 260 |
_aالقاهرة : _bGENERAL EGYPTION ORGANIZATION ، _c1989 |
||
| 300 | _a125P | ||
| 650 | 0 | 4 | _aLITERATURE |
| 650 | 0 | 4 | _aARABIC LITERATURE |
| 650 | 0 | 4 | _aFICTION |
| 942 |
_2ddc _cBK |
||
| 999 |
_c12016 _d12016 |
||